Central Library OPAC University of Rajshahi

The management of business logistics : (Record no. 61422)

MARC details
000 -LEADER
fixed length control field 00920nam a2200265 a 4500
001 - CONTROL NUMBER
control field 61422
003 - CONTROL NUMBER IDENTIFIER
rucl marc code BD-RjUL
005 - DATE AND TIME OF LATEST TRANSACTION
control field 20211209080949.0
008 - FIXED-LENGTH DATA ELEMENTS--GENERAL INFORMATION
fixed length control field 011105s20042003ii a b 001 0 eng d
020 ## - INTERNATIONAL STANDARD BOOK NUMBER
International Standard Book Number 0324007515
035 ## - SYSTEM CONTROL NUMBER
System control number (BD-RjUL)61546
040 ## - CATALOGING SOURCE
Original cataloging agency BD-RjUL
Transcribing agency BD-RjUL
Modifying agency BD-RjUL
Language of cataloging eng
041 ## - LANGUAGE CODE
Language code of text/sound track or separate title eng
082 00 - DEWEY DECIMAL CLASSIFICATION NUMBER
Classification number 658.7
Edition number 23
Author mark and year COM 2004
100 1# - MAIN ENTRY--PERSONAL NAME
Personal name Coyle, John J.
Fuller form of name (John Joseph),
Dates associated with a name 1935-
9 (RLIN) 183100
245 14 - TITLE STATEMENT
Title The management of business logistics :
Remainder of title a supply chain perspective /
Statement of responsibility, etc. John J. Coyle, Edward J. Bardi, C. John Langley.
250 ## - EDITION STATEMENT
Edition statement 7th ed.
260 ## - PUBLICATION, DISTRIBUTION, ETC. (IMPRINT)
Place of publication, distribution, etc. Mason, Ohio :
Name of publisher, distributor, etc. South-Western/Thomson Learning,
Date of publication, distribution, etc. c2003 [reprinted 2004].
300 ## - PHYSICAL DESCRIPTION
Pagination xx, 707 p. :
Illustrations ill. ;
Size 26 cm.
504 ## - BIBLIOGRAPHY, ETC. NOTE
Bibliography, etc Includes bibliographical references and index.
650 #0 - SUBJECT ADDED ENTRY--TOPICAL TERM
Topical term or geographic name as entry element Business logistics.
9 (RLIN) 175001
700 1# - ADDED ENTRY--PERSONAL NAME
Personal name Bardi, Edward J.,
Dates associated with a name 1943-
Personal name Langley, C. John,
Dates associated with a name 1946-
942 ## - ADDED ENTRY ELEMENTS (KOHA)
Source of classification or shelving scheme Dewey Decimal Classification
Koha item type Books
Holdings
Lost status Source of classification or shelving scheme Damaged status Not for loan Collection code Permanent Location Current Location Shelving location Date acquired Source of acquisition Cost, normal purchase price Total Checkouts Full call number Date last seen Copy number Koha item type
  Dewey Decimal Classification   Not For Loan Non-fiction Central Library, University of Rajshahi Central Library, University of Rajshahi Reading Room 02/06/2008 Dhaka, Paragon Enterprises Ltd. 425.00   658.7 COM 2004 17/01/2017 C-1 Books